[Event "PKL 2005 Kampioensgroep en Eerste Klasse"]
[Site "Herkenbosch, Netherlands"]
[Date "2005.12.10"]
[Round "6"]
[White "van Gool, Henk"]
[Black "Nelissen, Andy"]
[Result "0-1"]
[WhiteElo "2162"]
[BlackElo "2005"]
[PlyCount "108"]
[EventDate "2005.??.??"]

1. e4 c5 2. Nf3 d6 3. d4 cxd4 4. Nxd4 Nf6 5. Nc3 g6 6. Be3 Bg7 7. f3 O-O 8. Qd2
Nc6 9. Bc4 Bd7 10. O-O-O Rc8 11. Bb3 Nxd4 12. Bxd4 b5 13. e5 dxe5 14. Bxe5 Bc6
15. Qg5 Qb6 16. Bd4 Qb7 17. h4 a5 18. a4 bxa4 19. Nxa4 Bxf3 20. gxf3 Qxb3 21.
Nc3 Qb7 22. h5 Rfd8 23. hxg6 hxg6 24. Qxa5 Qxf3 25. Bxf6 Rxd1+ 26. Rxd1 Bxf6
27. Rd8+ Rxd8 28. Qxd8+ Kg7 29. Nd5 Bg5+ 30. Kb1 Qd1+ 31. Ka2 Qxc2 32. Nc3 Bf6
33. Nd1 e5 34. Qd5 e4 35. Ka3 e3 36. Nxe3 Qxb2+ 37. Ka4 Qd4+ 38. Qxd4 Bxd4 39.
Nd5 g5 40. Kb3 f5 41. Kc4 Ba7 42. Kd3 Kf7 43. Ke2 Ke6 44. Nb4 g4 45. Kf1 f4 46.
Kg2 Kf5 47. Nd5 Bd4 48. Nb4 Ke4 49. Nc2 Kd3 50. Nb4+ Ke2 51. Nd5 f3+ 52. Kg3 f2
53. Nf4+ Ke3 54. Ng2+ Ke2 0-1

[Event "PKL 2005 Kampioensgroep en Eerste Klasse"]
[Site "Herkenbosch, Netherlands"]
[Date "2005.12.10"]
[Round "6"]
[White "Sofic, Narcis"]
[Black "Koelman, Bart"]
[Result "0-1"]
[WhiteElo "1790"]
[BlackElo "1822"]
[PlyCount "91"]
[EventDate "2005.??.??"]

1. d4 d5 2. c4 e6 3. Nf3 Nf6 4. Bg5 Be7 5. e3 Nbd7 6. Nc3 O-O 7. Bd3 b6 8. O-O
Bb7 9. cxd5 exd5 10. Rc1 c5 11. Bb1 Rc8 12. h3 h6 13. Bf4 Ne4 14. Nxe4 dxe4 15.
Ne5 Nf6 16. dxc5 Rxc5 17. Rxc5 Bxc5 18. Qa4 a5 19. Rd1 Qe7 20. Nd7 Nxd7 21.
Rxd7 Qe8 22. Qd1 Bc6 23. Rc7 Qe6 24. Bc2 Qf6 25. Bb3 a4 26. Bxa4 Bxa4 27. Qxa4
Qxb2 28. Qxe4 Qxa2 29. Qf3 Rd8 30. Be5 Qd5 31. Qf4 Qe6 32. Qg3 g6 33. Qf4 f6
34. g3 Qxe5 35. Qxe5 fxe5 36. Rc6 Kf7 37. Rc7+ Ke6 38. Rh7 h5 39. Rg7 Kf6 40.
Rc7 Rd6 41. Kg2 e4 42. Rb7 Ke6 43. Rg7 Kd5 44. g4 hxg4 45. hxg4 Kc4 46. Kf1 0-1

[Event "PKL 2005 Kampioensgroep en Eerste Klasse"]
[Site "Herkenbosch, Netherlands"]
[Date "2005.12.10"]
[Round "6"]
[White "Bus, Tom"]
[Black "Aben, Paul"]
[Result "1-0"]
[WhiteElo "2082"]
[BlackElo "1776"]
[PlyCount "69"]
[EventDate "2005.??.??"]

1. c4 e5 2. g3 Nf6 3. Bg2 Nc6 4. Nc3 Bb4 5. Nd5 Bc5 6. e3 O-O 7. Ne2 Nxd5 8.
cxd5 Ne7 9. O-O d6 10. d4 Bb6 11. a4 a5 12. h3 f5 13. dxe5 dxe5 14. Qb3 Kh8 15.
Bd2 Bc5 16. Bc3 Bd6 17. f4 Ng6 18. Rae1 Bd7 19. h4 Bc5 20. h5 Bxe3+ 21. Kh2
exf4 22. Nxf4 Bxf4 23. hxg6 Qh4+ 24. Kg1 Bxg3 25. Rf3 f4 26. Re6 Bxe6 27. dxe6
Rfe8 28. Rd3 Re7 29. Rd7 Rae8 30. Qd5 Qg4 31. Rxe7 Qxg6 32. Rxg7 Qb1+ 33. Bf1
Bh2+ 34. Kxh2 Qc2+ 35. Rg2+ 1-0

[Event "PKL 2005 Kampioensgroep en Eerste Klasse"]
[Site "Herkenbosch, Netherlands"]
[Date "2005.12.10"]
[Round "6"]
[White "Roufs, Gerard"]
[Black "Coenen, Eduard"]
[Result "1-0"]
[WhiteElo "1914"]
[BlackElo "2063"]
[PlyCount "73"]
[EventDate "2005.??.??"]

1. e4 e6 2. d4 d5 3. Nc3 Bb4 4. e5 c5 5. a3 Bxc3+ 6. bxc3 Qc7 7. Qg4 f5 8. Qg3
cxd4 9. cxd4 Ne7 10. Bd2 O-O 11. Bd3 Nbc6 12. Ne2 f4 13. Qh3 Nf5 14. O-O g5 15.
c3 Qg7 16. Bxf5 Rxf5 17. Qd3 Na5 18. Nc1 Bd7 19. Qc2 g4 20. Nd3 Raf8 21. g3 f3
22. Nc5 Bc8 23. h4 Rh5 24. Kh2 Nc4 25. Nd3 Qe7 26. Rh1 Nxa3 27. Qc1 Nb5 28. Bg5
Qg7 29. Nf4 Rxg5 30. hxg5 Qxg5 31. Kg1 a6 32. Qc2 Rf7 33. Nh5 h6 34. Nf6+ Kh8
35. Rh5 Qg7 36. Qc1 Rxf6 37. exf6 1-0

[Event "PKL 2005 Kampioensgroep en Eerste Klasse"]
[Site "Herkenbosch, Netherlands"]
[Date "2005.12.11"]
[Round "7"]
[White "Nelissen, Andy"]
[Black "Renet, Jack"]
[Result "1/2-1/2"]
[WhiteElo "2005"]
[BlackElo "2257"]
[PlyCount "65"]
[EventDate "2005.??.??"]

1. e4 g6 2. d4 Bg7 3. Nf3 c6 4. Nc3 d6 5. Be2 Nf6 6. O-O O-O 7. h3 Qc7 8. Be3
Nbd7 9. a4 e5 10. Bc4 exd4 11. Bxd4 Ne5 12. Bb3 Nh5 13. Be3 Nxf3+ 14. Qxf3 Be6
15. g4 Bxb3 16. cxb3 Nf6 17. Qg3 Rfe8 18. f3 Nd5 19. Nxd5 cxd5 20. Rac1 Qd7 21.
Qg2 b5 22. a5 dxe4 23. fxe4 d5 24. Rfd1 d4 25. Rc2 Rad8 26. Rcd2 Qe6 27. Bxd4
Bxd4+ 28. Rxd4 Rxd4 29. Rxd4 Qxb3 30. Kh2 Qe3 31. Qg1 Qf3 32. Qg2 Qb3 33. Qd2
1/2-1/2

[Event "PKL 2005 Kampioensgroep en Eerste Klasse"]
[Site "Herkenbosch, Netherlands"]
[Date "2005.12.11"]
[Round "7"]
[White "Bus, Tom"]
[Black "van Gool, Henk"]
[Result "1/2-1/2"]
[WhiteElo "2082"]
[BlackElo "2162"]
[PlyCount "114"]
[EventDate "2005.??.??"]

1. c4 e5 2. g3 Nf6 3. Bg2 d5 4. cxd5 Nxd5 5. Nf3 Nc6 6. O-O Nb6 7. Nc3 Be7 8.
d3 Be6 9. Be3 O-O 10. a3 Rb8 11. Rc1 f6 12. Na4 Qd7 13. Bc5 Nd8 14. Bxe7 Qxe7
15. Nc5 Bf7 16. Nh4 c6 17. Nf5 Qc7 18. f4 Nd7 19. Nxd7 Qxd7 20. fxe5 fxe5 21.
Qd2 Be6 22. Nh4 Nf7 23. Qe3 Qd4 24. Qxd4 exd4 25. Rc5 Rfe8 26. Rf2 Rbd8 27. b4
a6 28. a4 Bb3 29. b5 Bxa4 30. bxc6 Bxc6 31. Bxc6 bxc6 32. Rxc6 Ra8 33. Rc4 a5
34. Ra4 Ng5 35. Kg2 Ne6 36. Nf5 Nc5 37. Ra2 Ne6 38. Nd6 Red8 39. Nc4 a4 40. Nb6
Ra6 41. Nc4 Rb8 42. Rf5 Rc8 43. Rb5 Nc5 44. Rb4 Re8 45. Na3 Nb3 46. Rc4 Rae6
47. Kf2 Rf8+ 48. Kg2 Ref6 49. Nb5 Rf1 50. Kh3 h5 51. Nxd4 g5 52. Raxa4 g4+ 53.
Kh4 Nxd4 54. Rxd4 R8f5 55. Ra8+ Kf7 56. Ra7+ Ke6 57. Ra6+ Ke5 1/2-1/2

[Event "PKL 2005 Kampioensgroep en Eerste Klasse"]
[Site "Herkenbosch, Netherlands"]
[Date "2005.12.11"]
[Round "7"]
[White "Aben, Paul"]
[Black "Sofic, Narcis"]
[Result "1-0"]
[WhiteElo "1776"]
[BlackElo "1790"]
[PlyCount "72"]
[EventDate "2005.??.??"]

1. e4 g6 2. d4 Bg7 3. f4 d6 4. Nf3 c6 5. Be3 Nf6 6. Bd3 Ng4 7. Bg1 Qb6 8. Nbd2
Qxb2 9. h3 Nh6 10. Be3 Qb6 11. g4 Qc7 12. g5 Ng8 13. f5 gxf5 14. exf5 Nd7 15.
Bf4 Nb6 16. c4 {=} c5 17. f6 Nxf6 18. gxf6 Bxf6 19. Ne4 Bxd4 20. Nxd4 cxd4 21.
c5 Nd5 22. cxd6 Qa5+ 23. Bd2 Qd8 24. Qa4+ Bd7 25. Qxd4 Nf6 26. dxe7 Qxe7 27.
Qxf6 Qxf6 28. Nxf6+ Ke7 29. Nxd7 Kxd7 30. Bf5+ Kd6 31. Bf4+ Kc6 32. Kf2 a5 33.
Rab1 Rae8 34. Rhc1+ Kd5 35. Rb5+ Kd4 36. Rxb7 Rd8 1-0

[Event "PKL 2005 Kampioensgroep en Eerste Klasse"]
[Site "Herkenbosch, Netherlands"]
[Date "2005.12.11"]
[Round "7"]
[White "Schotanus, Fred"]
[Black "Roufs, Gerard"]
[Result "1/2-1/2"]
[WhiteElo "1782"]
[BlackElo "1914"]
[PlyCount "95"]
[EventDate "2005.??.??"]

1. e4 c5 2. Nc3 Nc6 3. g3 g6 4. Bg2 Bg7 5. d3 e6 6. f4 Nge7 7. Nf3 O-O 8. O-O
b6 9. Ne2 Ba6 10. h3 Rc8 11. c3 d5 12. e5 d4 13. c4 b5 14. b3 f6 15. exf6 Bxf6
16. g4 b4 17. Ng3 e5 18. Ne4 exf4 19. Nxc5 Qb6 20. Nd7 Qc7 21. Nxf8 Rxf8 22.
Qe2 Bc8 23. Qe4 g5 24. Bd2 Bd7 25. Qe2 Ng6 26. Rae1 Rb8 27. Qf2 Qa5 28. Bc1 Qb6
29. Kh1 a5 30. Re4 a4 31. Bb2 axb3 32. axb3 Ra8 33. Ra1 Rxa1+ 34. Bxa1 Qa5 35.
Qb2 Qa7 36. Re2 Qc7 37. Qa2 Qd6 38. Qa8+ Kg7 39. Bb2 Qc5 40. Qb7 Qd6 41. Qb6
Qf8 42. Re4 Kg8 43. Qc7 Qf7 44. Qd6 Kg7 45. Qd5 Nf8 46. Qxf7+ Kxf7 47. Re1 Ne6
48. Ra1 1/2-1/2

[Event "PKL 2005 Kampioensgroep en Eerste Klasse"]
[Site "Herkenbosch, Netherlands"]
[Date "2005.12.11"]
[Round "7"]
[White "Koelman, Bart"]
[Black "Coenen, Eduard"]
[Result "0-1"]
[WhiteElo "1822"]
[BlackElo "2063"]
[PlyCount "56"]
[EventDate "2005.??.??"]

1. e4 e6 2. Nf3 c5 3. g3 Nc6 4. Bg2 g6 5. O-O Bg7 6. c3 Nge7 7. d4 cxd4 8. cxd4
d5 9. e5 O-O 10. b3 b5 11. Nc3 Ba6 12. Re1 Rc8 13. Ne2 Nb4 14. Rf1 Nc2 15. Rb1
b4 16. Bb2 Rc6 17. Rc1 Qc7 18. Ne1 Bxe2 19. Qxe2 Nxd4 20. Bxd4 Rxc1 21. Nd3
Rxf1+ 22. Bxf1 a5 23. f4 Rc8 24. Nc5 Nf5 25. Bf2 Bf8 26. Na4 d4 27. Qb5 Ne3 28.
Nb6 Rb8 0-1

[Event "PKL 2005 Tweede Klasse"]
[Site "Herkenbosch, Netherlands"]
[Date "2005.11.12"]
[Round "1"]
[White "Bomhoff, Bert"]
[Black "Belle, Prahlada"]
[Result "0-1"]
[WhiteElo "1620"]
[BlackElo "1717"]
[PlyCount "52"]
[EventDate "2005.??.??"]

1. d4 Nf6 2. c4 g6 3. Nc3 Bg7 4. e4 d6 5. f3 O-O 6. Be3 e5 7. Nge2 exd4 8. Nxd4
Bd7 9. Qd2 Nc6 10. O-O-O Re8 11. h4 Ne5 12. Bg5 h5 13. Nd5 c6 14. Nxf6+ Bxf6
15. Be2 Rc8 16. Kb1 Kg7 17. Bh6+ Kg8 18. g4 hxg4 19. fxg4 Nxg4 20. Bxg4 Bxg4
21. Rdg1 Rxe4 22. Bg5 Rxd4 23. Qxd4 Bf5+ 24. Kc1 Bxd4 25. Bxd8 Bxg1 26. Rxg1
Rxd8 0-1

[Event "PKL 2005 Tweede Klasse"]
[Site "Herkenbosch, Netherlands"]
[Date "2005.11.12"]
[Round "1"]
[White "Smit, Melvin"]
[Black "Anders, Hartmut"]
[Result "1-0"]
[WhiteElo "1682"]
[BlackElo "1615"]
[PlyCount "77"]
[EventDate "2005.??.??"]

1. b4 e5 2. Bb2 d6 3. Nf3 g6 4. e3 Bg7 5. d3 Nf6 6. Be2 O-O 7. O-O b6 8. c4 Bb7
9. Nc3 a5 10. b5 Nbd7 11. a4 Re8 12. d4 e4 13. Nd2 Rc8 14. Qb3 Nf8 15. Rac1 d5
16. cxd5 Bxd5 17. Nxd5 Qxd5 18. Bc4 Qd7 19. Rfd1 Ne6 20. Nf1 Red8 21. Ng3 Ng5
22. h4 Ne6 23. Qc2 Re8 24. Nxe4 Nxe4 25. Qxe4 Ng5 26. Qd5 Qxd5 27. Bxd5 Ne6 28.
Ba3 Bf8 29. Bxf8 Kxf8 30. Rc3 Nd8 31. Rdc1 Re7 32. Bf3 f5 33. d5 Nb7 34. Rc6
Rd7 35. Rxb6 cxb6 36. Rxc8+ Ke7 37. Rc6 Rd6 38. Rc7+ Rd7 39. Rxb7 1-0

[Event "PKL 2005 Tweede Klasse"]
[Site "Herkenbosch, Netherlands"]
[Date "2005.11.12"]
[Round "1"]
[White "van Vliembergen, Marina"]
[Black "Clevers, Frank"]
[Result "1/2-1/2"]
[WhiteElo "1597"]
[BlackElo "1669"]
[PlyCount "64"]
[EventDate "2005.??.??"]

1. e4 c5 2. f4 e6 3. Nf3 g6 4. Be2 Bg7 5. c3 Ne7 6. O-O O-O 7. d4 cxd4 8. cxd4
d5 9. e5 Nbc6 10. b3 Nf5 11. Qd2 Qb6 12. Rd1 Bd7 13. Ba3 Rfc8 14. Bc5 Qd8 15.
Nc3 b6 16. Ba3 a6 17. Na4 Na5 18. Nc3 Bf8 19. Bxf8 Qxf8 20. Rdc1 Qb4 21. Nxd5
Qxd2 22. Nf6+ Kg7 23. Nxd2 Nxd4 24. Rxc8 Nxe2+ 25. Kf2 Rxc8 26. Kxe2 Bc6 27.
Nde4 Bxe4 28. Nxe4 Rc2+ 29. Nd2 Nb7 30. Kd1 Rc7 31. Rc1 Rxc1+ 32. Kxc1 Nc5
1/2-1/2

[Event "PKL 2005 Tweede Klasse"]
[Site "Herkenbosch, Netherlands"]
[Date "2005.11.12"]
[Round "1"]
[White "van Odijk, Frank"]
[Black "Leenders, Hans"]
[Result "0-1"]
[WhiteElo "1659"]
[BlackElo "1575"]
[PlyCount "62"]
[EventDate "2005.??.??"]

1. e4 e6 2. d4 d5 3. exd5 exd5 4. Bd3 Nf6 5. Ne2 Bd6 6. f3 O-O 7. O-O c6 8. c3
Qc7 9. f4 Re8 10. Qc2 Nbd7 11. h3 Nf8 12. Rf3 Bd7 13. g4 h6 14. Nd2 Re7 15. Nf1
Rae8 16. f5 Ne4 17. Bd2 Nh7 18. h4 Nhf6 19. g5 hxg5 20. Bxg5 Nxg5 21. hxg5 Ne4
22. Bxe4 Rxe4 23. Neg3 Rg4 24. Kf2 Rxg5 25. f6 gxf6 26. Nf5 Re4 27. N1e3 Bf4
28. Nh6+ Kg7 29. Rh1 Bxe3+ 30. Rxe3 Rxe3 31. Kxe3 Qg3+ 0-1

[Event "PKL 2005 Tweede Klasse"]
[Site "Herkenbosch, Netherlands"]
[Date "2005.11.12"]
[Round "1"]
[White "Palm, Hans"]
[Black "van Vliembergen, Roland"]
[Result "0-1"]
[WhiteElo "1424"]
[BlackElo "1641"]
[PlyCount "108"]
[EventDate "2005.??.??"]

1. e4 e6 2. Nf3 d5 3. exd5 exd5 4. d4 Nf6 5. Bg5 Be7 6. Be2 Ne4 7. Bxe7 Qxe7 8.
O-O Qb4 9. Qc1 Nc6 10. c3 Qd6 11. Re1 Be6 12. Bd3 Nf6 13. Ne5 O-O-O 14. Nd2 Ng4
15. Nxg4 Bxg4 16. h3 Bh5 17. Bf5+ Kb8 18. a4 Bg6 19. Bg4 Rhe8 20. a5 Bd3 21.
Nb3 f5 22. Bf3 a6 23. Nc5 Bb5 24. b3 Na7 25. Re3 Rxe3 26. fxe3 Bc6 27. c4 dxc4
28. Bxc6 Qxc6 29. Qxc4 Qd5 30. Qxd5 Rxd5 31. Nd3 Rb5 32. b4 Nc6 33. Rb1 Nxa5
34. Ne5 Nc6 35. Nxc6+ bxc6 36. Rc1 Kb7 37. Rc4 Kb6 38. Kf2 Rd5 39. Ke2 Kb5 40.
Rc1 Rd6 41. Kd3 Kxb4 42. Rc4+ Kb5 43. Kc3 Kb6 44. Rb4+ Ka7 45. Ra4 Rd5 46. g4
fxg4 47. hxg4 Kb6 48. Rb4+ Rb5 49. Rc4 c5 50. e4 cxd4+ 51. Kxd4 Rg5 52. e5
Rxg4+ 53. Kd5 Rxc4 54. Kxc4 Kc6 0-1

[Event "PKL 2005 Tweede Klasse"]
[Site "Herkenbosch, Netherlands"]
[Date "2005.11.12"]
[Round "2"]
[White "Belle, Prahlada"]
[Black "van Vliembergen, Roland"]
[Result "1/2-1/2"]
[WhiteElo "1717"]
[BlackElo "1641"]
[PlyCount "66"]
[EventDate "2005.??.??"]

1. e4 e6 2. d4 d5 3. e5 c5 4. c3 Nc6 5. Nf3 Qb6 6. Bd3 Bd7 7. Bc2 Nge7 8. a3
Ng6 9. O-O Be7 10. Re1 c4 11. Nbd2 Qc7 12. Nf1 b5 13. Ng3 a5 14. h3 a4 15. Ng5
Bxg5 16. Bxg5 Nce7 17. Nh5 Rg8 18. Qg4 Kd8 19. f4 Ke8 20. Rf1 Nf5 21. Qf3 h6
22. Bxf5 exf5 23. Bxh6 gxh6 24. Nf6+ Kf8 25. Nxg8 Kxg8 26. g4 Qc6 27. Kh2 Kg7
28. Rg1 Qe6 29. Raf1 Rh8 30. Qg3 Kh7 31. h4 Ne7 32. g5 h5 33. Qf3 Kg6 1/2-1/2

[Event "PKL 2005 Tweede Klasse"]
[Site "Herkenbosch, Netherlands"]
[Date "2005.11.12"]
[Round "2"]
[White "Leenders, Hans"]
[Black "Smit, Melvin"]
[Result "1/2-1/2"]
[WhiteElo "1575"]
[BlackElo "1682"]
[PlyCount "98"]
[EventDate "2005.??.??"]

1. d4 b5 2. c3 Bb7 3. Qb3 a6 4. a4 c6 5. Bf4 Nf6 6. Nf3 e6 7. Nbd2 d5 8. e3
Nbd7 9. h3 Be7 10. axb5 cxb5 11. Bd3 O-O 12. O-O Qc8 13. Rfe1 Nb6 14. e4 dxe4
15. Nxe4 Nxe4 16. Bxe4 Nd5 17. Bh2 Re8 18. Qc2 h6 19. Qd3 Qc4 20. Qxc4 bxc4 21.
Ne5 Rec8 22. Nd7 Bd8 23. Nc5 Ra7 24. Nxb7 Rxb7 25. Bxd5 exd5 26. Re8+ Kh7 27.
Ra2 a5 28. Bd6 Rd7 29. Bc5 Rb8 30. g3 Rb5 31. Kg2 Bf6 32. Ra8 Bd8 33. Ra6 g6
34. Rd6 Rxd6 35. Bxd6 Kg7 36. f4 f5 37. Kf3 g5 38. Ba3 Kf6 39. Ra1 Be7 40.
Bxe7+ Kxe7 41. Re1+ Kf6 42. Re2 a4 43. g4 fxg4+ 44. hxg4 gxf4 45. Kxf4 Rb6 46.
Kg3 Rb3 47. Kh4 a3 48. bxa3 Rxa3 49. Re3 Ra1 1/2-1/2

[Event "PKL 2005 Tweede Klasse"]
[Site "Herkenbosch, Netherlands"]
[Date "2005.11.12"]
[Round "2"]
[White "Clevers, Frank"]
[Black "van Odijk, Frank"]
[Result "1/2-1/2"]
[WhiteElo "1669"]
[BlackElo "1659"]
[PlyCount "56"]
[EventDate "2005.??.??"]

1. d4 Nf6 2. c4 e6 3. Nc3 c5 4. e3 g6 5. Nf3 Bg7 6. Be2 cxd4 7. exd4 O-O 8. O-O
b6 9. Bf4 Ne8 10. Qd3 d5 11. Rac1 Bb7 12. Rfd1 Na6 13. cxd5 exd5 14. Ne5 Nb4
15. Qb5 a5 16. Bf3 Nd6 17. Qd7 Bxe5 18. Qxd8 Rfxd8 19. Bxe5 Nc4 20. b3 Na3 21.
Na4 b5 22. Nc5 Bc6 23. Nd3 Nxd3 24. Rxd3 Bb7 25. Rc7 Ba6 26. Rdc3 b4 27. Rc1
Nb5 28. R7c5 Nc3 1/2-1/2

[Event "PKL 2005 Tweede Klasse"]
[Site "Herkenbosch, Netherlands"]
[Date "2005.11.12"]
[Round "2"]
[White "Bomhoff, Bert"]
[Black "van Vliembergen, Marina"]
[Result "0-1"]
[WhiteElo "1620"]
[BlackElo "1597"]
[PlyCount "68"]
[EventDate "2005.??.??"]

1. d4 Nf6 2. c4 e5 3. d5 Bc5 4. Nc3 O-O 5. e4 d6 6. Nf3 Ng4 7. Be3 Nxe3 8. fxe3
Bxe3 9. Qe2 Bh6 10. Qf2 Nd7 11. Bd3 Nc5 12. Bc2 f5 13. b4 Nxe4 14. Nxe4 fxe4
15. Bxe4 Bf5 16. Bxf5 Rxf5 17. Qc2 Qf6 18. O-O Re8 19. Rae1 Rf4 20. Nd2 Rf8 21.
Qd3 Qf5 22. Qe2 Qc2 23. Rxf4 Rxf4 24. a3 Qc3 25. c5 Qd4+ 26. Kh1 Qxd5 27. Rd1
Rd4 28. Qb5 Qf7 29. Rf1 Rf4 30. Nf3 e4 31. Qxb7 exf3 32. cxd6 fxg2+ 33. Kxg2
Rg4+ 34. Kh3 Qh5# 0-1

[Event "PKL 2005 Tweede Klasse"]
[Site "Herkenbosch, Netherlands"]
[Date "2005.11.12"]
[Round "2"]
[White "Anders, Hartmut"]
[Black "Palm, Hans"]
[Result "1-0"]
[WhiteElo "1615"]
[BlackElo "1424"]
[PlyCount "77"]
[EventDate "2005.??.??"]

1. d4 d5 2. Nf3 Nf6 3. e3 e6 4. Bd3 b6 5. O-O Bb7 6. Nbd2 Bd6 7. Qe2 Nbd7 8. e4
dxe4 9. Nxe4 O-O 10. Nxd6 cxd6 11. Bg5 Re8 12. c4 d5 13. cxd5 Bxd5 14. Ne5 a6
15. Bxa6 Nb8 16. Bb5 Rf8 17. Ng4 Nc6 18. Nxf6+ gxf6 19. Bh6 Kh8 20. Bxf8 Qxf8
21. Bxc6 Bxc6 22. Qe3 Qd6 23. f3 Rg8 24. Rf2 Rg5 25. b3 Rh5 26. f4 f5 27. Qe5+
Qxe5 28. dxe5 Rh6 29. Rc1 Bd5 30. Rc8+ Kg7 31. Rb8 f6 32. Rxb6 fxe5 33. fxe5
Rg6 34. Rd2 Kh6 35. Rxd5 exd5 36. Rxg6+ Kxg6 37. a4 d4 38. Kf2 Kf7 39. a5 1-0

[Event "PKL 2005 Tweede Klasse"]
[Site "Herkenbosch, Netherlands"]
[Date "2005.11.13"]
[Round "3"]
[White "van Vliembergen, Roland"]
[Black "Leenders, Hans"]
[Result "1-0"]
[WhiteElo "1641"]
[BlackElo "1575"]
[PlyCount "149"]
[EventDate "2005.??.??"]

1. e4 e6 2. d4 d5 3. Nc3 Bb4 4. exd5 exd5 5. Bd3 Nf6 6. Nf3 O-O 7. O-O h6 8.
Ne2 Bg4 9. Ng3 Bd6 10. c3 c6 11. Re1 Nbd7 12. h3 Be6 13. Be3 Qc7 14. Ne2 Rfe8
15. Qc1 Bf8 16. Bf4 Qd8 17. Ng3 Nb6 18. Qc2 Bd6 19. Be5 Be7 20. Re2 Nbd7 21.
Rae1 Nxe5 22. Nxe5 Bd6 23. Qd2 Qc7 24. Nf1 Nd7 25. f4 Nxe5 26. fxe5 Bf8 27. Re3
c5 28. Rg3 Kh8 29. Bb1 g6 30. Qf2 cxd4 31. cxd4 Qd7 32. Rc1 Rac8 33. Rgc3 Rc6
34. Rxc6 bxc6 35. Qd2 Rc8 36. b4 Bf5 37. Ne3 Bxb1 38. Rxb1 Rb8 39. a3 a5 40.
Ng4 Qf5 41. Rf1 Qd7 42. Nxh6 Bxh6 43. Qxh6+ Kg8 44. bxa5 Rb3 45. Qc1 Rg3 46.
Kh2 Rd3 47. Qc5 Qb7 48. Rf6 Qc8 49. Rxc6 Qf5 50. Rc8+ Kh7 51. Qc1 Rxd4 52. Rc3
Qxe5+ 53. Rg3 Rd3 54. Qg5 Qxg5 55. Rxg5 f6 56. Rg3 Rd4 57. Rg4 Rd3 58. Ra4 Rb3
59. a6 Rb8 60. a7 Ra8 61. Kg3 d4 62. Kf3 f5 63. Ke2 Re8+ 64. Kd2 Ra8 65. Kd3
Kh6 66. Kxd4 Kg5 67. Kd5 f4 68. Kc6 Kf5 69. Kb7 Rf8 70. a8=Q Rxa8 71. Kxa8 g5
72. Kb7 g4 73. hxg4+ Kxg4 74. Rxf4+ Kxf4 75. a4 1-0

[Event "PKL 2005 Tweede Klasse"]
[Site "Herkenbosch, Netherlands"]
[Date "2005.11.13"]
[Round "3"]
[White "van Vliembergen, Marina"]
[Black "Belle, Prahlada"]
[Result "1/2-1/2"]
[WhiteElo "1597"]
[BlackElo "1717"]
[PlyCount "55"]
[EventDate "2005.??.??"]

1. e4 e6 2. d4 d5 3. exd5 exd5 4. Bd3 Bd6 5. Nf3 Nf6 6. O-O O-O 7. c3 Bg4 8.
Bg5 Nbd7 9. Nbd2 c6 10. Qc2 Qc7 11. Rfe1 Rfe8 12. Rac1 b5 13. a3 Rab8 14. h3
Bh5 15. Rb1 Bg6 16. Bxg6 fxg6 17. Nf1 Ne4 18. Re2 Ndf6 19. Rbe1 Bf4 20. Bxf4
Qxf4 21. Ne5 Rbc8 22. Nd3 Qc7 23. Nh2 Kf8 24. Nf3 Nd7 25. Nfe5 Nxe5 26. Nxe5
Nf6 27. Re3 a6 28. Rf3 1/2-1/2

[Event "PKL 2005 Tweede Klasse"]
[Site "Herkenbosch, Netherlands"]
[Date "2005.11.13"]
[Round "3"]
[White "Smit, Melvin"]
[Black "Clevers, Frank"]
[Result "1-0"]
[WhiteElo "1682"]
[BlackElo "1669"]
[PlyCount "123"]
[EventDate "2005.??.??"]

1. b4 d5 2. Bb2 e6 3. Nf3 Nf6 4. a3 g6 5. e3 Bg7 6. Be2 O-O 7. O-O b6 8. c4
dxc4 9. Bxc4 Bb7 10. d4 Ne4 11. Nc3 Bd5 12. Nxd5 exd5 13. Bb3 Qd6 14. Rc1 b5
15. Ne5 c6 16. f3 Nf6 17. Rc3 Rc8 18. Qc2 Nfd7 19. Nxd7 Qxd7 20. Rc1 a5 21.
bxa5 Rxa5 22. Rc5 Qe8 23. Kf2 Bh6 24. f4 Qe7 25. Rxd5 Qh4+ 26. Kg1 g5 27. fxg5
Bxg5 28. Qd2 Ra7 29. Rxb5 Re7 30. Re5 Rxe5 31. dxe5 Rd8 32. Qe2 Qe4 33. Re1 Rd3
34. Bc2 Qxe3+ 35. Qxe3 Bxe3+ 36. Kf1 Rd2 37. Rxe3 Rxc2 38. Rg3+ Kf8 39. Bd4 Na6
40. Rc3 Rxc3 41. Bxc3 Ke7 42. Ke2 Ke6 43. Ke3 Nc7 44. Bd4 Kd5 45. g4 Nb5 46.
Bb2 Nc7 47. h4 Ne6 48. a4 Kc5 49. Bc3 Kd5 50. a5 Nc7 51. g5 Ke6 52. Ke4 Na6 53.
Kd4 Kd7 54. Ke4 Ke6 55. Kf4 Nc5 56. Bd4 Na6 57. Ke4 Nb4 58. Bc5 Na6 59. Bd6 c5
60. Kf4 c4 61. Ke4 f5+ 62. gxf6 1-0

[Event "PKL 2005 Tweede Klasse"]
[Site "Herkenbosch, Netherlands"]
[Date "2005.11.13"]
[Round "3"]
[White "van Odijk, Frank"]
[Black "Anders, Hartmut"]
[Result "1/2-1/2"]
[WhiteElo "1659"]
[BlackElo "1615"]
[PlyCount "42"]
[EventDate "2005.??.??"]

1. c4 Nf6 2. Nc3 e6 3. Nf3 Bb4 4. Qb3 Bxc3 5. Qxc3 c5 6. d3 O-O 7. Bg5 d6 8.
Bxf6 Qxf6 9. Qxf6 gxf6 10. g3 b6 11. Bg2 Bb7 12. O-O Nd7 13. e4 Rfd8 14. Rad1
Kf8 15. Ne1 Ke7 16. f4 Rg8 17. Nf3 Rad8 18. Nh4 Nb8 19. f5 e5 20. Nf3 Nc6 21.
a3 a5 1/2-1/2

[Event "PKL 2005 Tweede Klasse"]
[Site "Herkenbosch, Netherlands"]
[Date "2005.11.13"]
[Round "3"]
[White "Palm, Hans"]
[Black "Bomhoff, Bert"]
[Result "1/2-1/2"]
[WhiteElo "1424"]
[BlackElo "1620"]
[PlyCount "50"]
[EventDate "2005.??.??"]

1. e4 Nf6 2. Nc3 d5 3. exd5 Nxd5 4. Be2 Nxc3 5. dxc3 Qxd1+ 6. Bxd1 e5 7. Nf3
Bd6 8. O-O O-O 9. b3 b6 10. Bb2 Bb7 11. b4 Nd7 12. a3 Rfe8 13. Nd2 b5 14. Be2
a6 15. Rfe1 Nb6 16. c4 bxc4 17. Nxc4 Na4 18. Rab1 Rad8 19. Na5 Be4 20. Bd3 Bxd3
21. cxd3 c5 22. Nb7 Rd7 23. Nxd6 Rxd6 24. Bxe5 Rxd3 25. bxc5 Nxc5 1/2-1/2

[Event "PKL 2005 Tweede Klasse"]
[Site "Herkenbosch, Netherlands"]
[Date "2005.11.13"]
[Round "4"]
[White "van Vliembergen, Roland"]
[Black "Smit, Melvin"]
[Result "1/2-1/2"]
[WhiteElo "1641"]
[BlackElo "1682"]
[PlyCount "49"]
[EventDate "2005.??.??"]

1. e4 c5 2. Nc3 Nc6 3. f4 e6 4. Nf3 d5 5. exd5 exd5 6. d4 Nf6 7. Bb5 a6 8.
Bxc6+ bxc6 9. O-O Be7 10. Be3 cxd4 11. Bxd4 O-O 12. Bxf6 Bxf6 13. Qd3 Qb6+ 14.
Kh1 Qxb2 15. Ne2 Qxa1 16. Rxa1 Bxa1 17. c3 Bb2 18. Qc2 Ba3 19. Qa4 Be7 20. Qxc6
Be6 21. Ned4 Rfc8 22. Qb7 Bc5 23. h3 Rcb8 24. Qc6 Rc8 25. Qb7 1/2-1/2

[Event "PKL 2005 Tweede Klasse"]
[Site "Herkenbosch, Netherlands"]
[Date "2005.11.13"]
[Round "4"]
[White "Belle, Prahlada"]
[Black "Anders, Hartmut"]
[Result "1/2-1/2"]
[WhiteElo "1717"]
[BlackElo "1615"]
[PlyCount "67"]
[EventDate "2005.??.??"]

1. e4 d5 2. exd5 Nf6 3. Nf3 Nxd5 4. d4 e6 5. Bd3 Bd6 6. O-O O-O 7. Bxh7+ Kxh7
8. Ng5+ Kg8 9. Qh5 Nf6 10. Qh4 Nbd7 11. Re1 Re8 12. Re3 Nf8 13. f3 Ng6 14. Qe1
c5 15. c3 Qc7 16. h3 cxd4 17. Rd3 dxc3 18. Nxc3 b6 19. Kh1 Ba6 20. Rd1 Rad8 21.
Bd2 Bg3 22. Qg1 Bf4 23. Bxf4 Qxf4 24. Nge4 Nxe4 25. Nxe4 f5 26. Nc3 Kf7 27. a4
Qb4 28. Qf2 Qh4 29. Qg1 Qg3 30. a5 Nh4 31. axb6 Rxd1 32. Nxd1 Bb7 33. Rxa7 Re7
34. Qf2 1/2-1/2

[Event "PKL 2005 Tweede Klasse"]
[Site "Herkenbosch, Netherlands"]
[Date "2005.11.13"]
[Round "4"]
[White "Leenders, Hans"]
[Black "van Vliembergen, Marina"]
[Result "0-1"]
[WhiteElo "1575"]
[BlackElo "1597"]
[PlyCount "104"]
[EventDate "2005.??.??"]

1. e4 e6 2. Nf3 d5 3. exd5 exd5 4. d4 c6 5. Bd3 Bd6 6. O-O Ne7 7. Re1 O-O 8. c3
Qc7 9. h3 h6 10. Nbd2 Be6 11. Nf1 Nd7 12. Bd2 Nf6 13. Qc2 Nh5 14. Ne5 Nc8 15.
Re2 Nb6 16. Rae1 Nd7 17. f4 Nb6 18. a4 a5 19. b3 Rfe8 20. f5 Bd7 21. Qc1 Nf6
22. g4 Nh7 23. h4 Bc8 24. g5 hxg5 25. hxg5 Nd7 26. Nxd7 Bxd7 27. Rxe8+ Rxe8 28.
Rxe8+ Bxe8 29. Qe1 Qd8 30. Qh4 Nf8 31. f6 g6 32. Ne3 Qb6 33. Bc2 c5 34. Ng4 Nh7
35. Bxg6 fxg6 36. Nh6+ Kh8 37. f7 Bd7 38. Qf2 cxd4 39. cxd4 Qxb3 40. Bf4 Qb1+
41. Kg2 Qe4+ 42. Kg3 Bxf4+ 43. Qxf4 Qxf4+ 44. Kxf4 Bxa4 45. Ke5 Bb5 46. Kxd5 a4
47. Kc5 a3 48. Kd6 a2 49. Ke7 Kg7 50. Ng4 a1=Q 51. Nf6 Qxd4 52. Ne8+ Kh8 0-1